'K' Sorting Gallery Quiz Stats

 Plays Quiz Updated Apr 2, 2019

Score 0/55 Timer 04:00
3 Plays Today
% Correct
Kabul
87.4%
Ketchup
85%
Kingston
83.1%
Kyrgyzstan
82.4%
Kazakhstan
82.3%
Kidney Bean
82.2%
Kingstown
82.1%
Kiwifruit
81.2%
Kuwait
81%
Kale
80.9%
Kathmandu
80.5%
Kenya
80.1%
Kentucky
79.6%
Kuala Lumpur
78.6%
Kennedy
78.2%
Kebab
78.1%
Kansas
78%
Kumquat
75.8%
Kosovo
73.5%
Krone
71.6%
Krona
71.2%
Kampala
70.4%
Kimchi
70.2%
Khartoum
67.9%
Kyiv
63.1%
Kadabra
60.8%
Kiribati
58.2%
Kabutops
57.6%
% Correct
Kinshasa
56%
Kagoshima
56%
Kuna
54.6%
Kyoto
54.3%
Krabby
53.8%
Koruna
52.6%
Kyat
48.5%
Kip
47.8%
Kigali
47.5%
Kumamoto
47.4%
Kabuto
47%
Kanagawa
46%
Khnum
45%
Kakuna
44.7%
Keeshond
43.9%
Kingler
43.3%
Khepri
43%
Kommo-o
42.2%
Koffing
41.9%
Kuk
39.8%
Kangaskhan
33.9%
Khonsu
32.5%
Kai Ken
26.7%
Kebechet
25.9%
Komondor
24.4%
Kwacha
24.4%
Kwanza
21%

You're not logged in!

Compare scores with friends on all Sporcle quizzes.
OR
Log In

Sporcle TV

Today on Sporcle TV


Watch our educational content, quiz creation guides, and fun videos on Sporcle TV.

Show Comments

Extras

Top Quizzes Today


Score Distribution

Your Account Isn't Verified!

In order to create a playlist on Sporcle, you need to verify the email address you used during registration. Go to your Sporcle Settings to finish the process.

Report this User

Report this user for behavior that violates our Community Guidelines.

Details: